Mar Tirreno o Mar Adriatico - Statistics

Statistiche generali
  • Questo quiz è stato fatto 69 volte
  • Il punteggio medio è 19 su 20
Statistiche sulle risposte
Domanda Risposta % Corretto
Pescara Mar Adriatico
100%
Venezia Mar Adriatico
100%
Jesolo Mar Adriatico
100%
Ancona Mar Adriatico
100%
Trieste Mar Adriatico
100%
Bari Mar Adriatico
100%
Rimini Mar Adriatico
100%
Livorno Mar Tirreno
100%
La Spezia Mar Tirreno
100%
Piombino Mar Tirreno
100%
Sanremo Mar Tirreno
100%
Napoli Mar Tirreno
100%
Genova Mar Tirreno
100%
Civitavecchia Mar Tirreno
100%
Pesaro Mar Adriatico
94%
Maratea Mar Tirreno
94%
Brindisi Mar Adriatico
88%
Tropea Mar Tirreno
88%
Gaeta Mar Tirreno
88%
Termoli Mar Adriatico
82%
Nessun quiz corrispondente trovato
Distribuzione punteggi
Percentuale di utenti per punteggio
Percentile per numero di risposta
I tuoi punteggi nel tempo
Non hai fatto questo quiz